Central Library OPAC University of Rajshahi

The plant cell wall : (Record no. 12298)

MARC details
000 -LEADER
fixed length control field 01028nam a22002771 4500
001 - CONTROL NUMBER
control field 12298
003 - CONTROL NUMBER IDENTIFIER
rucl marc code BD-RjUL
005 - DATE AND TIME OF LATEST TRANSACTION
control field 20211208235253.0
008 - FIXED-LENGTH DATA ELEMENTS--GENERAL INFORMATION
fixed length control field 140128s1962 enka b 001 0 eng
035 ## - SYSTEM CONTROL NUMBER
System control number (BD-RjUL)12347
040 ## - CATALOGING SOURCE
Original cataloging agency DLC/ICU
Transcribing agency ICU
Modifying agency BD-RjUL
Language of cataloging eng
041 ## - LANGUAGE CODE
Language code of text/sound track or separate title eng
082 00 - DEWEY DECIMAL CLASSIFICATION NUMBER
Classification number 581.876
Author mark and year SIP 1962
100 1# - MAIN ENTRY--PERSONAL NAME
Personal name Siegel, S. M.
Fuller form of name (Sanford Marvin),
Dates associated with a name 1928-
9 (RLIN) 38199
245 14 - TITLE STATEMENT
Title The plant cell wall :
Remainder of title a topical study of architecture, dynamics, comparative chemistry and technology in a biological system /
Statement of responsibility, etc. S. M. Siegel
260 ## - PUBLICATION, DISTRIBUTION, ETC. (IMPRINT)
Place of publication, distribution, etc. Oxford ; New York :
Name of publisher, distributor, etc. Pergamon Press,
Date of publication, distribution, etc. c1962.
300 ## - PHYSICAL DESCRIPTION
Pagination xix, 123 p. :
Illustrations illus. ;
Size 22 cm.
490 1# - SERIES STATEMENT
Series statement International series of monographs on pure and applied biology. Division: Plant physiology,
Volume/sequential designation v. 2
504 ## - BIBLIOGRAPHY, ETC. NOTE
Bibliography, etc Include bibliography and index.
650 #0 - SUBJECT ADDED ENTRY--TOPICAL TERM
Topical term or geographic name as entry element Plant cell walls.
9 (RLIN) 38200
830 #0 - SERIES ADDED ENTRY--UNIFORM TITLE
Volume number/sequential designation v. 2.
Uniform title International series of monographs on pure and applied biology.
942 ## - ADDED ENTRY ELEMENTS (KOHA)
Source of classification or shelving scheme Dewey Decimal Classification
Koha item type Books
Holdings
Lost status Source of classification or shelving scheme Damaged status Not for loan Collection code Permanent Location Current Location Shelving location Date acquired Source of acquisition Cost, normal purchase price Total Checkouts Full call number Date last seen Copy number Koha item type
  Dewey Decimal Classification     Non-fiction Central Library, University of Rajshahi Central Library, University of Rajshahi   01/01/2065 Euro-Pak 31.50   581.876 SIP 1962 28/01/2014 C-2 Books
  Dewey Decimal Classification   Not For Loan Non-fiction Central Library, University of Rajshahi Central Library, University of Rajshahi Reading Room 11/10/1965 Zeitlinger 42.00   581.876 SIP 1962 19/11/2018 C-1 Books
  Dewey Decimal Classification     Non-fiction Central Library, University of Rajshahi Central Library, University of Rajshahi   04/07/1964 Zeitlinger 42.00   581.876 SIP 1962 22/11/2018 C-3 Books